000
00284nam a22001337a 4500
008
170407b xxu||||| |||| 00| 0 eng d
020
_a
9780071372237
041
_a
eng
080
_2
10TH
_a
616
100
_a
9
101
_a
SHM
245
_a
PATHOLOGY
_c
BROWN, E.J
942
_2
udc
_c
BK
999
_c
10178
_d
10178